Statistics for 1960s Decade Quiz #2

Click here to take the quiz!

General Stats

  • This quiz has been taken 13,144 times
  • The average score is 12 of 20

Answer Stats

QuestionAnswer% Correct
What doll was introduced as Barbie's boyfriend?Ken
96%
Who sang "Happy Birthday, Mr. President"?Marilyn Monroe
93%
What "family" killed actress Sharon Tate and others?Manson Family
84%
What couple stayed in bed for an entire week, for peace?John Lennon &
Yoko Ono
82%
What dance was popularized by Chubby Checker?The Twist
80%
What city had a "Summer of Love" in 1967?San Francisco
77%
What 1962 crisis do some people think nearly led to World War III?{Cuban} {Missile} Crisis
75%
Who was the only black member of the Rat Pack?Sammy Davis Jr.
66%
Who wrote "To Kill a Mockingbird"?Harper Lee
65%
Who was the President of France for most of the decade?Charles de Gaulle
64%
What British actor did Elizabeth Taylor marry?Richard Burton
58%
What musical had a notorious nude scene?Hair
54%
What period of violence began in Northern Ireland?The {Troubles}
54%
What was hosted by Seattle in 1962, New York City in 1964, and Montreal in 1967?The World's Fair
51%
What brand of sugary drink mix did astronauts drink?Tang
51%
On what magazine's cover did Alfred E. Neuman frequently appear?Mad
51%
What did Nikita Khrushchev supposedly bang against his desk
at a meeting of the UN?
His Shoe
40%
What influential book was written by Betty Friedan?The Feminine {Mystique}
38%
What model of American spy plane flew over Russia?U-2
36%
What was the name of Lyndon B. Johnson's program to reduce poverty
and racial injustice?
The Great {Society}
23%

Score Distribution

Percentile by Number Answered

Percent of People with Each Score

Your Score History

You have not taken this quiz